Movies Quiz

Random Movies or Oscar Quiz

Oscar Nominees (2010) Quiz Stats

 Plays Quiz not verified by Sporcle

Challenge
Share
Tweet
Embed
Score 0/120 Timer 12:00
0 Plays Today
% Correct
*The King's Speech*
99.3%
*The King's Speech*
99.3%
The King's Speech
99.3%
The King's Speech
99.3%
The King's Speech
99.3%
The King's Speech
99.3%
The King's Speech
99.3%
The King's Speech
99.3%
*Colin Firth* - The King's Speech
98.2%
Geoffrey Rush - The King's Speech
97.5%
*The Social Network*
97.5%
The Social Network
97.5%
The Social Network
97.5%
*The Social Network*
97.5%
*The Social Network*
97.5%
The Social Network
97.5%
Helena Bonham Carter - The King's Speech
97.3%
*Tom Hooper* - The King's Speech
96.8%
Toy Story 3
96.6%
Toy Story 3
96.6%
*We Belong Together* - Toy Story 3
96.6%
*Toy Story 3*
96.6%
Toy Story 3
96.6%
Black Swan
96.4%
Jesse Eisenberg - The Social Network
96.4%
True Grit
96.4%
True Grit
96.4%
True Grit
96.4%
True Grit
96.4%
Black Swan
96.4%
True Grit
96.4%
Black Swan
96.4%
True Grit
96.4%
True Grit
96.4%
David Fincher - The Social Network
96.2%
The Fighter
95.9%
*Natalie Portman* - Black Swan
95.9%
*Christian Bale* - The Fighter
95.9%
The Fighter
95.9%
The Fighter
95.9%
% Correct
Jeff Bridges - True Grit
95.7%
Inception
95.3%
Inception
95.3%
Inception
95.3%
*Inception*
95.3%
*Inception*
95.3%
*Inception*
95.3%
Inception
95.3%
*Inception*
95.3%
Winter's Bone
94.8%
Winter's Bone
94.8%
127 Hours
94.6%
127 Hours
94.6%
If I Rise - 127 Hours
94.6%
127 Hours
94.6%
127 Hours
94.6%
Jennifer Lawrence - Winter's Bone
94.1%
James Franco - 127 Hours
93.9%
David O. Russell - The Fighter
93.9%
Hailee Steinfeld - True Grit
93.5%
Joel Coen & Ethan Coen - True Grit
93.5%
*Melissa Leo* - The Fighter
93.2%
Darren Aronofsky - Black Swan
92.8%
The Kids Are All Right
92.8%
The Kids Are All Right
92.8%
Amy Adams - The Fighter
92.6%
Annette Bening - The Kids Are All Right
91.6%
Mark Ruffalo - The Kids Are All Right
91%
John Hawkes - Winter's Bone
85.6%
Nicole Kidman - Rabbit Hole
84.7%
Michelle Williams - Blue Valentine
82.6%
Javier Bardem - Biutiful
82.2%
*Alice in Wonderland*
81.7%
Alice in Wonderland
81.7%
*Alice in Wonderland*
81.7%
Jeremy Renner - The Town
80.6%
Biutiful - Mexico
79.5%
How to Train Your Dragon
78.6%
How to Train Your Dragon
78.6%
Harry Potter and the Deathly Hallows: Part 1
77.7%
% Correct
Harry Potter and the Deathly Hallows: Part 1
77.7%
Jacki Weaver - Animal Kingdom
77%
Iron Man 2
76.5%
*The Wolfman*
71.6%
I See the Light - Tangled
71.3%
Another Year
71.1%
The Illusionist
70.7%
Barney's Version
62.1%
Hereafter
60.3%
Dogtooth - Greece
59.4%
I Am Love
58.7%
The Tempest
58.7%
The Way Back
54%
Tron: Legacy
51.9%
Salt
48.3%
Coming Home - Country Strong
47.4%
*In a Better World* - Denmark
46.5%
Unstoppable
46%
Incendies - Canada
43.8%
Outside the Law - Algeria
41.3%
*Inside Job*
28.6%
Exit Through the Gift Shop
20%
Restrepo
19%
Waste Land
19%
Gasland
18.1%
Day & Night
13.3%
The Gruffalo
12.4%
*The Lost Thing*
8.6%
Let's Pollute
8.6%
Madagascar, a Journey Diary
8.6%
*God of Love*
2.9%
The Confession
2.9%
The Crush
2.9%
Na Wewe
2.9%
Wish 143
2.9%
*Strangers No More*
1.9%
Killing in the Name
1.9%
Poster Girl
1.9%
Sun Come Up
1.9%
The Warriors of Qiugang
1.9%

You're not logged in!

Compare scores with friends on all Sporcle quizzes.
Join for Free
OR
Log In

You Might Also Like...

Show Comments

Extras

Top Quizzes Today


Score Distribution

Your Account Isn't Verified!

In order to create a playlist on Sporcle, you need to verify the email address you used during registration. Go to your Sporcle Settings to finish the process.

Report this User

Report this user for behavior that violates our Community Guidelines.

Details: